000
00330nam a22001457a 4500
008
230404b ||||| |||| 00| 0 eng d
020
_a
9780911910193
041
_a
eng
080
_2
NINETEENTH EDITION
_a
61
082
_a
61ALB
100
_a
5
101
_a
MJEKSI
245
_a
THE MERCK MANUAL
_c
ALBERT.K.R
942
_2
udc
_c
BK
999
_c
59496
_d
59496